00528 2200205 4500001002100000005001500021035002000036007000300056008004100059020001800100082001000118084001600128100002200144245005300166250001100219260003500230300002600265650002100291990001000312INLIS00000000000588120200708081937 a0010-0720000049ta200708 g 0 ind  a9789790170092 a613.2 a613.2 SKL p0 aSKL, Indra Kusuma1 aPanduan Diet Ala Rasulullah /cIndra Kusumah SKL aCet. 1 aJakarta :bQultum Media,c2007 axii, 162 hlm ;c19 cm 4aKESEHATAN ISLAMI a578 c